MEDICINAL CHEMISTRY (Record no. 12596)
[ view plain ]
| 000 -LEADER | |
|---|---|
| fixed length control field | 00415nam a22001817a 4500 |
| 003 - CONTROL NUMBER IDENTIFIER | |
| control field | OSt |
| 008 - FIXED-LENGTH DATA ELEMENTS--GENERAL INFORMATION | |
| fixed length control field | 240502b |||||||| |||| 00| 0 eng d |
| 020 ## - INTERNATIONAL STANDARD BOOK NUMBER | |
| International Standard Book Number | 9788131731444 |
| 082 ## - DEWEY DECIMAL CLASSIFICATION NUMBER | |
| Classification number | 615.19 SRM |
| 100 ## - MAIN ENTRY--PERSONAL NAME | |
| Personal name | SRIRAM, D |
| 245 ## - TITLE STATEMENT | |
| Title | MEDICINAL CHEMISTRY |
| 250 ## - EDITION STATEMENT | |
| Edition statement | 2nd |
| 260 ## - PUBLICATION, DISTRIBUTION, ETC. (IMPRINT) | |
| Place of publication, distribution, etc | Noida |
| Name of publisher, distributor, etc | Pearson |
| Date of publication, distribution, etc | 2024 |
| 300 ## - PHYSICAL DESCRIPTION | |
| Extent | xi,688 |
| 650 ## - SUBJECT ADDED ENTRY--TOPICAL TERM | |
| Topical term or geographic name as entry element | MEDICINAL CHEMISTRY-I |
| 700 ## - ADDED ENTRY--PERSONAL NAME | |
| Personal name | YOGEESWARI, P |
| 942 ## - ADDED ENTRY ELEMENTS (KOHA) | |
| Source of classification or shelving scheme | Dewey Decimal Classification |
| Koha item type | Text Books |
| Withdrawn status | Lost status | Source of classification or shelving scheme | Damaged status | Not for loan | Collection code | Home library | Current library | Date acquired | Source of acquisition | Currency | Cost, normal purchase price | Bill Number | Total Checkouts | Full call number | Acc. no. / Barcode | Date last seen | Actual Cost, discounted price | Bill Date | Koha item type | Date last borrowed |
|---|---|---|---|---|---|---|---|---|---|---|---|---|---|---|---|---|---|---|---|---|
| Dewey Decimal Classification | B.Pharma | PIET C-LIBRARY | PIET C-LIBRARY | 01/05/2024 | ZAFAA BOOKS | RUPEES | 920.00 | ZBDOO42 | 615.19 SRM | BP2529 | 02/05/2024 | 625.60 | 20/04/2024 | Reference Books | ||||||
| Dewey Decimal Classification | B.Pharma | PIET C-LIBRARY | PIET C-LIBRARY | 01/05/2024 | ZAFAA BOOKS | RUPEES | 920.00 | ZBDOO42 | 1 | 615.19 SRM | BP2530 | 02/12/2024 | 625.60 | 20/04/2024 | Text Books | 19/11/2024 | ||||
| Dewey Decimal Classification | B.Pharma | PIET C-LIBRARY | PIET C-LIBRARY | 01/05/2024 | ZAFAA BOOKS | RUPEES | 920.00 | ZBDOO42 | 1 | 615.19 SRM | BP2531 | 25/11/2024 | 625.60 | 20/04/2024 | Text Books | 08/11/2024 |